Quiz o Generalnym Gubernatorstwie - Statystyki

Ogólne statystyki
  • Ten quiz został rozwiązany 27 razy
  • Średni wynik to 6 z 10
Statystyki odpowiedzi
Zagadnienie Odpowiedź % Poprawnych
Jaka była stolica Generalnego Gubernatorstwa? Kraków
100%
Jaki z tych języków NIE był językiem urzędowym w Generalnym Gubernatorstwie Białoruski
88%
Jak nazywały się jednostki administracyjne Generalnego Gubernatorstwa? Dystrykty
88%
Kto rządził Generalnym Gubernatorstwem? (Kto był generalnym gubernatorem?) Hans Frank
88%
W którym roku powstało Generalne Gubernatorstwo? W 1939
88%
W którym roku Generalne Gubernatorstwo przestało istnieć? 1945
50%
Ile było jednostek administracyjnych w Generalnym Gubernatorstwie (Stan na rok 1943) 5
38%
Które z tych miast NIE należało do generalnego gubernatorstwa? Łódź
38%
Kto NIE graniczył z Generalnym Gubernatorstwem Protektorat Czech i Moraw
38%
Jaka była waluta Generalnego Gubernatorstwa? Złoty
25%
Nie znaleziono quizów pasujących do podanych kryteriów
Rozkład punktacji
Procent ludzi z każdym wynikiem
Percentyl według liczby udzielonych odpowiedzi
Twoja historia wyników
Nie rozwiązałeś tego quizu